000 00414nam a2200121Ia 4500
008 220216s9999 xx 000 0 und d
100 _aKow P A
245 0 _aControlled upward tapping of old rubber: A case study in a FELDA land scheme
260 _bProceedings of the RRIM Rubber Growers Conference, Ipoh, Perak 1986; p174-182
650 _aControlled upward tapping
650 _aFELDA land scheme
942 _cJS
999 _c56348
_d56348